Eastern Utah Libraries Catalog: Duchesne, Heber, Roosevelt, & Vernal

Red bones / (Record no. 314697)

MARC details
000 -LEADER
fixed length control field 01405cam a2200421Mi 4500
001 - CONTROL NUMBER
control field on1010615297
003 - CONTROL NUMBER IDENTIFIER
control field OCoLC
005 - DATE AND TIME OF LATEST TRANSACTION
control field 20200320214211.0
008 - FIXED-LENGTH DATA ELEMENTS--GENERAL INFORMATION
fixed length control field 150309r20152009enk 000 f eng d
015 ## - NATIONAL BIBLIOGRAPHY NUMBER
National bibliography number GBB557954
Source bnb
020 ## - INTERNATIONAL STANDARD BOOK NUMBER
International Standard Book Number 9781447274469
Qualifying information (pbk.)
020 ## - INTERNATIONAL STANDARD BOOK NUMBER
International Standard Book Number 1447274466
020 ## - INTERNATIONAL STANDARD BOOK NUMBER
Terms of availability 15.95
035 ## - SYSTEM CONTROL NUMBER
System control number (OCoLC)1010615297
040 ## - CATALOGING SOURCE
Original cataloging agency SAKAP
Language of cataloging eng
Description conventions rda
Transcribing agency SAKAP
Modifying agency OCLCO
-- OCLCF
-- WACOL
049 ## - LOCAL HOLDINGS (OCLC)
Holding library WACL
082 04 - DEWEY DECIMAL CLASSIFICATION NUMBER
Classification number 823.92
Edition number 23
092 ## - LOCALLY ASSIGNED DEWEY CALL NUMBER (OCLC)
Classification number F
Item number Cle
100 1# - MAIN ENTRY--PERSONAL NAME
Personal name Cleeves, Ann,
Relator term author.
9 (RLIN) 23032
245 10 - TITLE STATEMENT
Title Red bones /
Statement of responsibility, etc Ann Cleeves.
250 ## - EDITION STATEMENT
Edition statement New edition.
264 #1 - Production, Publication, Distribution, Manufacture, and Copyright Notice.
Place of production, publication, distribution, manufacture London :
Name of producer, publisher, distributor, manufacturer Pan Books,
Date of production, publication, distribution, manufacture, or copyr 2015.
300 ## - PHYSICAL DESCRIPTION
Extent 1 volume ;
Dimensions 20 cm.
336 ## - Content Type
Content type term text
337 ## - Media type
Media type term unmediated
338 ## - Carrier type
Carrier type term volume
490 0# - SERIES STATEMENT
Series statement The Shetland series
650 #0 - SUBJECT ADDED ENTRY--TOPICAL TERM
Topical term or geographic name as entry element Perez, Jimmy (Fictitious character)
Form subdivision Fiction.
9 (RLIN) 5679198
650 #0 - SUBJECT ADDED ENTRY--TOPICAL TERM
Topical term or geographic name as entry element Police
Geographic subdivision Scotland
-- Shetland
Form subdivision Fiction.
9 (RLIN) 5679199
650 #7 - SUBJECT ADDED ENTRY--TOPICAL TERM
Topical term or geographic name as entry element Perez, Jimmy (Fictitious character)
Source of heading or term fast
-- (OCoLC)fst01762274
9 (RLIN) 5956521
650 #7 - SUBJECT ADDED ENTRY--TOPICAL TERM
Topical term or geographic name as entry element Police.
Source of heading or term fast
-- (OCoLC)fst01068398
9 (RLIN) 5987453
651 #7 - SUBJECT ADDED ENTRY--GEOGRAPHIC NAME
Geographic name Scotland
Geographic subdivision Shetland.
Source of heading or term fast
-- (OCoLC)fst01215050
9 (RLIN) 5987454
655 #7 - INDEX TERM--GENRE/FORM
Genre/form data or focus term Fiction.
Source of term fast
-- (OCoLC)fst01423787
9 (RLIN) 5673940
942 ## - ADDED ENTRY ELEMENTS (KOHA)
Koha item type BOOK
948 ## - LOCAL PROCESSING INFORMATION (OCLC); SERIES PART DESIGNATOR (RLIN)
Series part designator, SPT (RLIN) 11/05/2018
z (OCLC) Sirsi
994 ## -
-- C0
-- WACOL
996 ## -
-- 157521
-- 34301001678749
-- F
-- bk
-- wcl
-- i
-- 0
-- 17.99
-- Baker & Taylor
-- Cle
-- 02/10/2020
-- 02/12/2020
Holdings
Withdrawn status Lost status Source of classification or shelving scheme Damaged status Not for loan Collection code Home library Current library Shelving location Date acquired Cost, normal purchase price Total Checkouts Total Renewals Full call number Barcode Checked out Date last seen Date checked out Cost, replacement price Price effective from Koha item type
    Dewey Decimal Classification     Fiction Wasatch County Library Wasatch County Library First Floor 02/10/2020 17.99 8 7 F Cleeves 34301001678749 05/01/2026 03/05/2026 03/05/2026 17.99 03/20/2020 BOOK
This project was made possible through a grant from the Institute of Museum and Library Service administered by the Utah State Library Division.

Wasatch County Library

  • 465 East 1200 South, Heber City, Utah 84032
  • Phone 435-654-1511 | Fax 435-654-6456

Hours

  • Monday - Friday 9:30 AM - 8:00 PM
  • Saturday 9:30 AM - 1:30 PM
  • Closed Sundays and Holidays